<?xml version="1.0" encoding="UTF-8"?>
<record
    xmlns:xsi="http://www.w3.org/2001/XMLSchema-instance"
    xsi:schemaLocation="http://www.loc.gov/MARC21/slim http://www.loc.gov/standards/marcxml/schema/MARC21slim.xsd"
    xmlns="http://www.loc.gov/MARC21/slim">

  <leader>01129nam a22002417a 4500</leader>
  <controlfield tag="001">2787</controlfield>
  <controlfield tag="003">HMS</controlfield>
  <controlfield tag="005">20250926115501.0</controlfield>
  <controlfield tag="008">250926e2024    cl a|||frnt|| 001 0 spa  </controlfield>
  <datafield tag="020" ind1=" " ind2=" ">
    <subfield code="a">9788419955548</subfield>
  </datafield>
  <datafield tag="040" ind1=" " ind2=" ">
    <subfield code="a">hms</subfield>
    <subfield code="b">spa</subfield>
    <subfield code="c">hms</subfield>
  </datafield>
  <datafield tag="050" ind1="0" ind2="4">
    <subfield code="a">QD31.3 O23</subfield>
  </datafield>
  <datafield tag="100" ind1="1" ind2=" ">
    <subfield code="a">Odeh Olmeda, Ver&#xF3;nica</subfield>
    <subfield code="e">autora</subfield>
    <subfield code="9">4309</subfield>
  </datafield>
  <datafield tag="245" ind1="1" ind2="0">
    <subfield code="a">Uso y evidencia de la Clorhexidina como antis&#xE9;ptico de elecci&#xF3;n :</subfield>
    <subfield code="b">Ventajas de la formulaci&#xF3;n a baja concentraci&#xF3;n (CHX 0,005 + CPC 0,005) / </subfield>
    <subfield code="c">Dra. Ver&#xF3;nica Odeh Olmeda</subfield>
    <subfield code="h">[cuadernillo] </subfield>
  </datafield>
  <datafield tag="260" ind1=" " ind2=" ">
    <subfield code="a">Madrid, Espa&#xF1;a :</subfield>
    <subfield code="b">ERGON,</subfield>
    <subfield code="c">c 2024</subfield>
  </datafield>
  <datafield tag="300" ind1=" " ind2=" ">
    <subfield code="a">32 p&#xE1;ginas :</subfield>
    <subfield code="b">ilustraciones ;</subfield>
    <subfield code="c">28 cm.</subfield>
  </datafield>
  <datafield tag="500" ind1=" " ind2=" ">
    <subfield code="a">Incluye &#xED;ndice</subfield>
  </datafield>
  <datafield tag="504" ind1=" " ind2=" ">
    <subfield code="a">Incluye bibliograf&#xED;a</subfield>
  </datafield>
  <datafield tag="505" ind1=" " ind2=" ">
    <subfield code="a">1. Introducci&#xF3;n. -- 2. Biofilm oral. -- 3. M&#xE9;todos de control del biofilm oral. -- 4. Clorhexidina. -- 5. Cloruro de cetilpiridinio. -- 6. Combinaci&#xF3;n CHX + CPC -- 7. Papel de los antis&#xE9;pticos bucales en el manejo del biofilm oral. -- 8. Recomendaciones finales y recomendaciones. -- 9. Bibliograf&#xED;a.      </subfield>
  </datafield>
  <datafield tag="650" ind1=" " ind2="7">
    <subfield code="a">Antis&#xE9;pticos Bucales</subfield>
    <subfield code="9">4310</subfield>
  </datafield>
  <datafield tag="650" ind1=" " ind2="7">
    <subfield code="a">Mouthwashes</subfield>
    <subfield code="9">4311</subfield>
  </datafield>
  <datafield tag="942" ind1=" " ind2=" ">
    <subfield code="2">lcc</subfield>
    <subfield code="c">COL. RES.</subfield>
    <subfield code="n">0</subfield>
  </datafield>
  <datafield tag="999" ind1=" " ind2=" ">
    <subfield code="c">2787</subfield>
    <subfield code="d">2787</subfield>
  </datafield>
  <datafield tag="952" ind1=" " ind2=" ">
    <subfield code="0">0</subfield>
    <subfield code="1">0</subfield>
    <subfield code="2">lcc</subfield>
    <subfield code="4">0</subfield>
    <subfield code="7">0</subfield>
    <subfield code="8">Col. Res.</subfield>
    <subfield code="a">BHMS</subfield>
    <subfield code="b">BHMS</subfield>
    <subfield code="c">Full Space</subfield>
    <subfield code="d">2025-09-26</subfield>
    <subfield code="e">Donaci&#xF3;n</subfield>
    <subfield code="i">001981</subfield>
    <subfield code="l">0</subfield>
    <subfield code="o">QD31.3 O23 2024</subfield>
    <subfield code="p">001981</subfield>
    <subfield code="r">2025-09-26 11:56:13</subfield>
    <subfield code="t">c.1</subfield>
    <subfield code="w">2025-09-26</subfield>
    <subfield code="y">COL. RES.</subfield>
  </datafield>
</record>
